Southville International School and Colleges
Your cart is empty.
  • Cart
  • Lists
    Public lists Eva Luna New books Lux_list list_1
    Your lists Log in to create your own lists
  • Log in to your account
  • Your cookies
  • Search history
Southville International School and Colleges
  • Advanced search
  • Recent comments
  • Most popular
  • Libraries

Log in to your account

Log in with GOOGLE


If you do not have an external account, but do have a local account, you can still log in:

  1. Home
  2. MARC view: Two Lunas, two Mabinis :
Normal view MARC view ISBD view

Two Lunas, two Mabinis : (Record no. 363171)

[ view plain ]
MARC details
000 -LEADER
fixed length control field 00683nam a2200241Ia 4500
008 - FIXED-LENGTH DATA ELEMENTS--GENERAL INFORMATION
fixed length control field 200601s9999 xx 000 0 und d
020 ## - INTERNATIONAL STANDARD BOOK NUMBER
International Standard Book Number 978-971-27-3212-6
050 ## - LIBRARY OF CONGRESS CALL NUMBER
Classification number FIL DS 669
050 ## - LIBRARY OF CONGRESS CALL NUMBER
Item number .O23 2015
100 ## - MAIN ENTRY--PERSONAL NAME
Personal name Ocampo, Ambeth R.
245 #0 - TITLE STATEMENT
Title Two Lunas, two Mabinis :
245 #0 - TITLE STATEMENT
Remainder of title looking back 10 /
245 #0 - TITLE STATEMENT
Statement of responsibility, etc Ambeth R. Ocampo.
260 ## - PUBLICATION, DISTRIBUTION, ETC. (IMPRINT)
Place of publication, distribution, etc Mandaluyong City :
260 ## - PUBLICATION, DISTRIBUTION, ETC. (IMPRINT)
Name of publisher, distributor, etc Anvil Publishing,
260 ## - PUBLICATION, DISTRIBUTION, ETC. (IMPRINT)
Date of publication, distribution, etc 2015
300 ## - PHYSICAL DESCRIPTION
Extent 100 pages :
300 ## - PHYSICAL DESCRIPTION
Dimensions 18 cm.
650 ## - SUBJECT ADDED ENTRY--TOPICAL TERM
Topical term or geographic name as entry element Mabini, Apolinario, 1864-1903.
650 ## - SUBJECT ADDED ENTRY--TOPICAL TERM
Topical term or geographic name as entry element Philippines -- History -- Revolution, 1896-
650 ## - SUBJECT ADDED ENTRY--TOPICAL TERM
General subdivision Heroes -- Philippines -- Biography.
650 ## - SUBJECT ADDED ENTRY--TOPICAL TERM
General subdivision Luna, Antonio, 1866-1899.
Holdings
Withdrawn status Lost status Damaged status Home library Current library Shelving location Date acquired Cost, normal purchase price Total Checkouts Full call number Barcode Date last seen Price effective from Koha item type
      South Mansfield College South Mansfield College Filipiniana Section 01/15/2020 150.00   FIL DS 669 .O23 2015 SMC06313 06/01/2020 06/01/2020 Books

Two Lunas, two Mabinis :

APA

Ocampo A. R., .Two Lunas, two Mabinis. Mandaluyong City: .

Chicago

Ocampo Ambeth R, .Two Lunas, two Mabinis. Mandaluyong City: .

Harvard

Ocampo A. R., .Two Lunas, two Mabinis. Mandaluyong City: .

MLA

Ocampo Ambeth R, .Mandaluyong City: . .

  • Place hold
  • Print
  • Cite
  • Add to your cart (remove)
  • Save record
    BIBTEX Dublin Core MARCXML MARC (non-Unicode/MARC-8) MARC (Unicode/UTF-8) MARC (Unicode/UTF-8, Standard) MODS (XML) RIS
  • More searches
    Search for this title in:
    Other Libraries (WorldCat) Other Databases (Google Scholar) Online Stores (Bookfinder.com) Open Library (openlibrary.org)

Exporting to Dublin Core...

SOUTHVILLE LIBRARY

Southville International School and Colleges Library

1281 Tropical Ave. Cor. Luxembourg St., BF Homes International, Las Pinas City

Tel. No. 8256374 / 252358 Loc. 117/146

Powered by Koha